Issues in legal scholarship
| Formato: | Electrónico Revista |
|---|---|
| Lenguaje: | inglés |
| Publicado: |
Berkeley, CA :
Bepress.com,
[2001]-
Berlin : Walter de Gruyter |
| Colección: | Journals of legal scholarship.
|
| Materias: | |
| Acceso en línea: | Full text available from Research Library: 01/01/2012 to 12/31/2013 Full text available from Research Library: 01/01/2017 to 6 months ago |
MARC
| LEADER | 00000nas a2200000 a 4500 | ||
|---|---|---|---|
| 001 | ssj0015150 | ||
| 003 | WaSeSS | ||
| 005 | 20200512172242.0 | ||
| 006 | m d | ||
| 007 | cr n | ||
| 008 | 011114c20019999gw ar pssg 0 a0eng c | ||
| 010 | |a 2002235473 | ||
| 016 | 7 | |a 2295860 5 |2 DE-600 | |
| 022 | |a 1539-8323 |l 1539-8323 |y 2194-5780 | ||
| 035 | |a (WaSeSS)ssj0015150 | ||
| 037 | |b Berkely Electronic Press, 2114 Berkeley Way, Berkeley, CA 94704 | ||
| 040 | |a DLA |b eng |c DLA |d OCLCQ |d HVL |d NSD |d OCLCQ |d UMC |d OCLCQ |d MUQ |d DLC |d OCLCQ |d VRC |d DLC |d OCLCQ |d DLC |d OCLCQ |d OCLCO |d DLC |d OCLCF |d OCLCQ |d BUF |d AU@ |d VT2 |d CEF |d WaSeSS | ||
| 042 | |a pcc |a nsdp | ||
| 050 | 0 | 0 | |a K9 |
| 082 | 1 | 0 | |a 340 |2 13 |
| 210 | 0 | |a Issues leg. scholars. | |
| 222 | 0 | |a Issues in legal scholarship | |
| 245 | 0 | 0 | |a Issues in legal scholarship |h [electronic resource]. |
| 260 | |a Berkeley, CA : |b Bepress.com, |c [2001]- | ||
| 260 | 3 | |3 <2015-> : |a Berlin : |b Walter de Gruyter | |
| 310 | |a One issue a year | ||
| 362 | 0 | |a June 2001- | |
| 490 | 1 | |a Journals of legal scholarship | |
| 500 | |a Title from title screen (viewed Nov. 14, 2001). | ||
| 500 | |a Each issue also has a distinctive title. | ||
| 500 | |a Includes reprints of previously published articles. | ||
| 506 | |a License restrictions may limit access. | ||
| 538 | |a Mode of access: World Wide Web. | ||
| 588 | |a Latest issue consulted: Oct. 2003. | ||
| 650 | 0 | |a Law |x Study and teaching |v Periodicals. | |
| 650 | 6 | |a Droit |x Périodiques. | |
| 650 | 7 | |a Law |x Study and teaching. |2 fast |0 (OCoLC)fst00993829 | |
| 655 | 0 | |a Electronic journals. | |
| 830 | 0 | |a Journals of legal scholarship. | |
| 856 | 4 | 0 | |z Full text available from Research Library: 01/01/2012 to 12/31/2013 |u https://search.proquest.com/publication/26963 |
| 856 | 4 | 0 | |z Full text available from Research Library: 01/01/2017 to 6 months ago |u https://search.proquest.com/publication/26963 |